Pohádka máje.

Bibliographic Details
Main Author: Mrštík, Vilém, 1863-1912
Format: Book
Language:Czech
Published: Praha : L. Kuncíř, 1947.

MARC

Tag First Indicator Second Indicator Subfields
LEADER 00000cam a22000005 4500
001 in00001397708
005 20151020052659.0
008 810224s1947 cs 000 1 cze d
035 |a (OCoLC)07152482 
035 |9 AHM5246AM 
040 |a CLE  |c CLE  |d UtOrBLW 
049 |a TXAM 
090 |a PG5038.M7  |b P6 1947 
100 1 |a Mrštík, Vilém,  |d 1863-1912. 
245 1 0 |a Pohádka máje. 
264 1 |a Praha :  |b L. Kuncíř,  |c 1947. 
300 |a 430 pages 
336 |a text  |b txt  |2 rdacontent 
337 |a unmediated  |b n  |2 rdamedia 
338 |a volume  |b nc  |2 rdacarrier 
541 0 |a Donated by Mr. and Mrs. Peter Lampa. 
999 |a MARS 
999 f f |s 43ebeb8f-67bc-3fc7-ac10-230a9fa1201f  |i dfc58ff4-ce63-3a65-887e-c1cb945f329e  |t 0 
952 f f |p ric  |a Texas A&M University  |b Rellis Campus  |c Joint Library Facility  |d Remote Storage  |t 0  |e PG5038.M7 P6 1947  |h Library of Congress classification  |i unmediated -- volume  |m A14822018953 
998 f f |a PG5038.M7 P6 1947  |t 0  |l Remote Storage